| 000 | 00353pab a2200145 454500 | ||
|---|---|---|---|
| 008 | 180718b1987 xxu||||| |||| 00| 0 eng d | ||
| 100 | _aLe - Bihan, Keith | ||
| 245 | _aThe Kubotan - an aid to a police officer's safety | ||
| 260 | _c1987 | ||
| 300 | _a289-93 | ||
| 362 | _aOct.-Dec. | ||
| 650 | _aPolice | ||
| 773 | _aPolice Journal | ||
| 909 | _a15087 | ||
| 999 |
_c15087 _d15087 |
||